[Event "Dulles Cherry Blossom op 10th"]
[Site "Dulles"]
[Date "2023.05.29"]
[Round "9"]
[White "Plotkin, Mark"]
[Black "Altman, Joshua"]
[Result "1-0"]
[WhiteElo "2341"]
[BlackElo "2120"]
[PlyCount "131"]
[EventDate "2023.05.24"]
[EventType "swiss"]
[EventRounds "9"]
[EventCountry "USA"]
[SourceTitle "CBM 214 Extra"]
[Source "ChessBase"]
[SourceDate "2023.07.31"]
[SourceVersion "1"]
[SourceVersionDate "2023.07.31"]
[SourceQuality "1"]

1. d4 Nf6 2. Nc3 e6 3. e4 d5 4. e5 Nfd7 5. f4 c5 6. Nf3 Nc6 7. Be3 a6 8. a3 b5 9. Qd2 Qa5 10. Be2 b4 11. Nb1 Rb8 12. 0-0 cxd4 13. Nxd4 Nxd4 14. Bxd4 Bc5 15. Kh1 0-0 16. b3 Bxd4 17. Qxd4 Qc7 18. axb4 Qxc2 19. Nc3 Qg6 20. b5 axb5 21. Bd3 f5 22. Nxb5 Nb6 23. Nd6 Bd7 24. Ra7 Rfd8 25. Rc1 Qg4 26. h3 Qg3 27. b4 h5 28. Be2 h4 29. Bf3 Nc4 30. Nb7 Re8 31. Nc5 Bc6 32. Rc7 Ba8 33. Bh5 Ne3 34. Rg1 Rec8 35. Nxe6 Rxc7 36. Nxc7 Rc8 37. Bf3 Rxc7 38. Qxe3 d4 39. Qe1 Bxf3 40. Qxg3 hxg3 41. gxf3 Rc2 42. Rd1 Rc4 43. b5 Rb4 44. Kg2 Rxb5 45. Rxd4 Kf7 46. Kxg3 Rb1 47. Rd2 Rg1+ 48. Rg2 Rf1 49. Ra2 Rg1+ 50. Kh4 Rf1 51. Ra7+ Kg6 52. Ra6+ Kf7 53. Kg5 Rxf3 54. Kxf5 Rxh3 55. Ra7+ Kf8 56. Ke6 Rh6+ 57. Kd7 Kf7 58. f5 Rh1 59. Kd6+ Kf8 60. Ra8+ Kf7 61. e6+ Kf6 62. Rf8+ Kg5 63. e7 Rd1+ 64. Kc5 Re1 65. e8Q Rxe8 66. Rxe8 1-0

[Event "Dulles Cherry Blossom op 10th"]
[Site "Dulles"]
[Date "2023.05.29"]
[Round "8"]
[White "Stearman, Josiah P"]
[Black "Plotkin, Mark"]
[Result "1-0"]
[WhiteElo "2385"]
[BlackElo "2341"]
[PlyCount "95"]
[EventDate "2023.05.24"]
[EventType "swiss"]
[EventRounds "9"]
[EventCountry "USA"]
[SourceTitle "CBM 214 Extra"]
[Source "ChessBase"]
[SourceDate "2023.07.31"]
[SourceVersion "1"]
[SourceVersionDate "2023.07.31"]
[SourceQuality "1"]

1. e4 e5 2. Nf3 Nc6 3. Bb5 a6 4. Ba4 Nge7 5. c3 Ng6 6. d4 d5 7. Nxe5 Ngxe5 8. dxe5 dxe4 9. Qxd8+ Kxd8 10. Bf4 f5 11. exf6 gxf6 12. Nd2 Bd6 13. Bg3 f5 14. Bxc6 bxc6 15. Nc4 Be6 16. Nxd6 cxd6 17. Bxd6 Bc4 18. 0-0-0 Rg8 19. b3 Bd3 20. g3 Kd7 21. Bf4 c5 22. c4 Kc6 23. Rhe1 Rad8 24. h4 h5 25. Kb2 Rd7 26. Kc3 Rgd8 27. Bg5 Ra8 28. Rd2 a5 29. f3 a4 30. fxe4 fxe4 31. Rf2 axb3 32. axb3 Rd6 33. Be3 Rg6 34. Rf5 Ra5 35. Rxh5 Rxg3 36. Rg1 Rxg1 37. Bxg1 Be2 38. Rh6+ Kd7 39. Kb2 Bd1 40. Be3 Bf3 41. h5 Ke7 42. Rh7+ Kf6 43. h6 Ra8 44. Rc7 Rd8 45. Bxc5 Kg6 46. Be3 Rd3 47. h7 Rd8 48. Bd4 1-0

[Event "Dulles Cherry Blossom op 10th"]
[Site "Dulles"]
[Date "2023.05.27"]
[Round "5"]
[White "Plotkin, Mark"]
[Black "Sriniaiyer, Sudarshan"]
[Result "1/2-1/2"]
[WhiteElo "2341"]
[BlackElo "2211"]
[PlyCount "60"]
[EventDate "2023.05.24"]
[EventType "swiss"]
[EventRounds "9"]
[EventCountry "USA"]
[SourceTitle "CBM 214 Extra"]
[Source "ChessBase"]
[SourceDate "2023.07.31"]
[SourceVersion "1"]
[SourceVersionDate "2023.07.31"]
[SourceQuality "1"]

1. e4 c5 2. c3 Nf6 3. e5 Nd5 4. d4 cxd4 5. Nf3 d6 6. Bc4 dxe5 7. Nxe5 e6 8. 0-0 Be7 9. cxd4 0-0 10. Re1 Nc6 11. Nf3 Bf6 12. Bb3 b6 13. Nc3 Nxc3 14. bxc3 Bb7 15. Qd3 Rc8 16. h4 Na5 17. Bc2 g6 18. Bh6 Bg7 19. Bxg7 Kxg7 20. Ng5 Qd5 21. f3 Qc4 22. Qe3 Qxc3 23. Qe5+ Kg8 24. Be4 Qc7 25. Bxb7 Qxe5 26. dxe5 Nxb7 27. Ne4 Rfd8 28. Rad1 Kg7 29. Rxd8 Rxd8 30. Rc1 Nc5 1/2-1/2

[Event "Toronto Excelsior GM 03"]
[Site "Toronto"]
[Date "2023.03.16"]
[Round "7"]
[White "Plotkin, Mark"]
[Black "Posthuma, Joshua G"]
[Result "0-1"]
[WhiteElo "2365"]
[BlackElo "2441"]
[PlyCount "52"]
[EventDate "2023.03.13"]
[EventType "tourn"]
[EventRounds "9"]
[EventCountry "CAN"]
[EventCategory "7"]
[SourceTitle "CBM 213 Extra"]
[Source "ChessBase"]
[SourceDate "2023.05.31"]
[SourceVersion "1"]
[SourceVersionDate "2023.05.31"]
[SourceQuality "1"]

1. e4 c6 2. Nf3 d5 3. d3 Qc7 4. Nc3 dxe4 5. dxe4 e5 6. Bc4 h6 7. 0-0 Nf6 8. a4 a5 9. Nh4 Na6 10. Be3 Nc5 11. Qf3 Ne6 12. Rad1 Ng5 13. Bxg5 hxg5 14. Nf5 g4 15. Qe3 g6 16. Qg5 Nd7 17. Nh4 Rh7 18. Nxg6 Rg7 19. Bxf7+ Kxf7 20. Qf5+ Kg8 21. Rd3 Bc5 22. Qh5 Nf8 23. Nxe5 Be7 24. Nc4 Be6 25. Qe5 Qxe5 26. Nxe5 Bf6 0-1

[Event "Toronto Excelsior GM 03"]
[Site "Toronto"]
[Date "2023.03.15"]
[Round "5"]
[White "Plotkin, Mark"]
[Black "Noritsyn, Nikolay"]
[Result "0-1"]
[WhiteElo "2365"]
[BlackElo "2460"]
[PlyCount "60"]
[EventDate "2023.03.13"]
[EventType "tourn"]
[EventRounds "9"]
[EventCountry "CAN"]
[EventCategory "7"]
[SourceTitle "CBM 213 Extra"]
[Source "ChessBase"]
[SourceDate "2023.05.31"]
[SourceVersion "1"]
[SourceVersionDate "2023.05.31"]
[SourceQuality "1"]

1. e4 c5 2. c3 d5 3. exd5 Nf6 4. Nf3 Nxd5 5. d4 cxd4 6. Bc4 e6 7. cxd4 Be7 8. 0-0 0-0 9. Nc3 Nxc3 10. bxc3 Qc7 11. Qd3 Nd7 12. Re1 Rd8 13. h4 b6 14. Ng5 Nf6 15. Bb3 a5 16. Bc2 Ba6 17. Qh3 Bc4 18. Re5 Rac8 19. Bd2 b5 20. Rae1 b4 21. R1e3 Bd6 22. Nf3 Bxa2 23. Bc1 Qb7 24. Bb2 Bd5 25. h5 h6 26. g4 Bxf3 27. Rxf3 Bxe5 28. dxe5 Ne4 29. Rxf7 Qxf7 30. Bxe4 Rd2 0-1

[Event "North American op 32nd"]
[Site "Las Vegas"]
[Date "2022.12.29"]
[Round "7"]
[White "Martinez, Isaac C"]
[Black "Plotkin, Mark"]
[Result "1/2-1/2"]
[WhiteElo "2056"]
[BlackElo "2369"]
[PlyCount "81"]
[EventDate "2022.12.26"]
[EventType "swiss"]
[EventRounds "9"]
[EventCountry "USA"]
[SourceTitle "CBM 211 Extra"]
[Source "ChessBase"]
[SourceDate "2023.01.31"]
[SourceVersion "1"]
[SourceVersionDate "2023.01.31"]
[SourceQuality "1"]

1. Nf3 f5 2. c4 Nf6 3. d4 e6 4. e3 c6 5. Be2 d5 6. 0-0 Bd6 7. b3 Nbd7 8. a4 Ne4 9. Qc2 Qf6 10. Ba3 Bc7 11. Nc3 g5 12. cxd5 Nxc3 13. Qxc3 exd5 14. b4 Rg8 15. Bb2 Qh6 16. b5 c5 17. Ne5 c4 18. g3 Nf6 19. f3 Be6 20. a5 g4 21. f4 Ne4 22. Qe1 Qh3 23. Bd1 h5 24. Bc2 h4 25. Bxe4 dxe4 26. Qf2 Rd8 27. Qg2 Rd5 28. b6 axb6 29. axb6 Bxe5 30. dxe5 Qxg2+ 31. Kxg2 h3+ 32. Kg1 Rd3 33. Bd4 Kd7 34. Rf2 Rc8 35. Rc2 Bd5 36. Kf2 Ke6 37. Ke1 Rc6 38. Raa2 Rc8 39. Ra1 Rb3 40. Kd2 Rd3+ 41. Ke1 1/2-1/2

[Event "US Masters op"]
[Site "Charlotte"]
[Date "2022.11.26"]
[Round "7"]
[White "Plotkin, Mark"]
[Black "Nagy, Gabor"]
[Result "1/2-1/2"]
[WhiteElo "2361"]
[BlackElo "2482"]
[PlyCount "155"]
[EventDate "2022.11.23"]
[EventType "swiss"]
[EventRounds "9"]
[EventCountry "USA"]
[SourceTitle "CBM 211 Extra"]
[Source "ChessBase"]
[SourceDate "2023.01.31"]
[SourceVersion "1"]
[SourceVersionDate "2023.01.31"]
[SourceQuality "1"]

1. e4 c5 2. Nf3 e6 3. d4 cxd4 4. Nxd4 a6 5. Nc3 b5 6. Bd3 Qb6 7. Nb3 Qc7 8. Qg4 Nf6 9. Qg3 Qxg3 10. hxg3 Nc6 11. f3 Rg8 12. g4 h6 13. g5 hxg5 14. Bxg5 Bb7 15. 0-0-0 Be7 16. Rhe1 d6 17. a4 bxa4 18. Nxa4 Nd7 19. Be3 Rc8 20. Kb1 g5 21. Be2 g4 22. f4 Nb4 23. Nc3 Nf6 24. Rd4 d5 25. e5 Nh5 26. Bf2 g3 27. Be3 Ng7 28. Bg4 Rh8 29. Rd2 Nc6 30. Na4 Rh4 31. Bh3 Rb8 32. Nac5 d4 33. Bxd4 Rxf4 34. Nxb7 Rxb7 35. Bc5 Rb5 36. Bxe7 Kxe7 37. Rd6 Rxe5 38. Red1 Nb4 39. Rb6 Rd5 40. Rb7+ Kf6 41. Re1 Re5 42. Rxf7+ Kxf7 43. Rxe5 Rf1+ 44. Nc1 Nf5 45. Re4 Nd5 46. c4 Nb4 47. c5 a5 48. Rc4 Nc6 49. Rc3 Nfd4 50. Bg4 Ne5 51. Bh5+ Ke7 52. Rxg3 Rh1 53. Rh3 Rg1 54. Rg3 a4 55. Rc3 Kd7 56. Ka2 Rh1 57. Bf3 Kc7 58. c6 Rf1 59. Be4 Re1 60. Bf3 Rf1 61. Be4 Rd1 62. Nd3 Nb3 63. Ka3 Ra1+ 64. Kb4 Nf7 65. Nf4 Nd8 66. Rd3 Re1 67. Rd7+ Kc8 68. Bf3 Rc1 69. Kb5 e5 70. Kb6 Na5 71. Ng6 Ndxc6 72. Rg7 Rc4 73. Rc7+ Kb8 74. Bxc6 Rc2 75. Nxe5 Rxb2+ 76. Bb5 Rxb5+ 77. Kxb5 Kxc7 78. Kxa4 1/2-1/2

[Event "Waterloo Maplewood"]
[Site "Waterloo"]
[Date "2022.11.17"]
[Round "6"]
[White "Rodrigue Lemieux, Shawn"]
[Black "Plotkin, Mark"]
[Result "0-1"]
[WhiteElo "2465"]
[BlackElo "2361"]
[PlyCount "170"]
[EventDate "2022.11.14"]
[EventType "tourn"]
[EventRounds "9"]
[EventCountry "CAN"]
[EventCategory "9"]
[SourceTitle "CBM 211 Extra"]
[Source "ChessBase"]
[SourceDate "2023.01.31"]
[SourceVersion "1"]
[SourceVersionDate "2023.01.31"]
[SourceQuality "1"]

1. c4 f5 2. Nf3 Nf6 3. g3 e6 4. Bg2 Be7 5. 0-0 0-0 6. d4 c6 7. Qc2 d5 8. Nbd2 Ne4 9. Ne5 Nd7 10. Nd3 Bf6 11. e3 Qe8 12. b3 b6 13. Ba3 Rf7 14. Rac1 Ba6 15. Rfe1 Rc8 16. f3 Nxd2 17. Qxd2 dxc4 18. bxc4 c5 19. dxc5 Nxc5 20. Nxc5 bxc5 21. Qa5 Qc6 22. Red1 Qb6 23. Qa4 Rfc7 24. f4 Bb7 25. Rb1 Qa6 26. Qxa6 Bxa6 27. Bf1 Kf7 28. Rd6 Bb7 29. Bg2 Bxg2 30. Kxg2 Be7 31. Ra6 Rd8 32. Kf3 Rd2 33. Rb2 Rd3 34. Ke2 Rcd7 35. Rc2 Rd1 36. Ra5 Rh1 37. Kf3 Rf1+ 38. Kg2 Rfd1 39. Kf3 Rf1+ 40. Kg2 Rfd1 41. h3 Re1 42. Kf3 Rf1+ 43. Rf2 Rxf2+ 44. Kxf2 Rd2+ 45. Ke1 Rg2 46. Rxa7 Ke8 47. Bc1 Rxg3 48. Kf1 Rxh3 49. Kg2 Rh6 50. a4 Rg6+ 51. Kh2 Rh6+ 52. Kg2 Rg6+ 53. Kf1 h5 54. a5 h4 55. a6 e5 56. Ra8+ Kf7 57. a7 Ra6 58. Kg2 exf4 59. exf4 Bf6 60. Kh3 Kg6 61. Bd2 Ra3+ 62. Kg2 Ra2 63. Kh3 Bd4 64. Be1 Be3 65. Kxh4 Bxf4 66. Bg3 Bxg3+ 67. Kxg3 Kg5 68. Kf3 Ra3+ 69. Ke2 Kf4 70. Rc8 Rxa7 71. Rxc5 g5 72. Rd5 Ke4 73. Rd2 g4 74. c5 f4 75. Rc2 Kd5 76. c6 Rc7 77. Rd2+ Kxc6 78. Rd4 Rf7 79. Kf2 Kc5 80. Rd8 Ra7 81. Rf8 Ra2+ 82. Kf1 Ra4 83. Rg8 g3 84. Kg2 Ra2+ 85. Kf3 Rf2+ 0-1

[Event "Waterloo Maplewood"]
[Site "Waterloo"]
[Date "2022.11.16"]
[Round "4"]
[White "Noritsyn, Nikolay"]
[Black "Plotkin, Mark"]
[Result "1-0"]
[WhiteElo "2446"]
[BlackElo "2361"]
[PlyCount "75"]
[EventDate "2022.11.14"]
[EventType "tourn"]
[EventRounds "9"]
[EventCountry "CAN"]
[EventCategory "9"]
[SourceTitle "CBM 211 Extra"]
[Source "ChessBase"]
[SourceDate "2023.01.31"]
[SourceVersion "1"]
[SourceVersionDate "2023.01.31"]
[SourceQuality "1"]

1. e4 g6 2. d4 Bg7 3. Nc3 a6 4. h4 h5 5. Bc4 d6 6. Qf3 e6 7. Bg5 Qd7 8. 0-0-0 Nc6 9. Nge2 b5 10. Bb3 Bb7 11. a3 e5 12. Bd5 f6 13. Be3 Nge7 14. Qg3 0-0-0 15. dxe5 fxe5 16. Ba2 Kb8 17. f3 Rdf8 18. Kb1 Nd8 19. Nd5 Nxd5 20. exd5 Bh6 21. Bg1 Qf5 22. Qf2 g5 23. Ng3 Qg6 24. hxg5 Bxg5 25. Ne4 Bf4 26. g3 Bh6 27. a4 Qf5 28. Rd3 Kc8 29. axb5 axb5 30. Bb3 Kd7 31. Rc3 Nf7 32. Rxh5 Qg6 33. Qe2 b4 34. Rc4 Kd8 35. Rxb4 Qxh5 36. Rxb7 Qh1 37. Qc4 Qxg1+ 38. Ka2 1-0

[Event "Waterloo Maplewood"]
[Site "Waterloo"]
[Date "2022.11.16"]
[Round "3"]
[White "Plotkin, Mark"]
[Black "Kantans, Toms"]
[Result "1-0"]
[WhiteElo "2361"]
[BlackElo "2517"]
[PlyCount "93"]
[EventDate "2022.11.14"]
[EventType "tourn"]
[EventRounds "9"]
[EventCountry "CAN"]
[EventCategory "9"]
[SourceTitle "CBM 211 Extra"]
[Source "ChessBase"]
[SourceDate "2023.01.31"]
[SourceVersion "1"]
[SourceVersionDate "2023.01.31"]
[SourceQuality "1"]

1. Nf3 Nf6 2. g3 g6 3. Bg2 Bg7 4. 0-0 0-0 5. c4 d5 6. cxd5 Nxd5 7. d4 Nb6 8. Nc3 Nc6 9. e3 e5 10. d5 Ne7 11. e4 Bg4 12. h3 Bxf3 13. Qxf3 c6 14. Rd1 cxd5 15. exd5 Nf5 16. d6 Rb8 17. Qd3 Qd7 18. Ne4 Rbc8 19. Bg5 h6 20. Bd2 Na4 21. Qa3 b6 22. g4 Nd4 23. Bxh6 f5 24. Bxg7 Kxg7 25. gxf5 Rxf5 26. Rxd4 exd4 27. Qb4 Nc5 28. Qxd4+ Kh6 29. Nf6 Qe6 30. d7 Rd8 31. Qh4+ Kg7 32. Ne8+ Rxe8 33. dxe8Q Qxe8 34. Rd1 a5 35. Rd8 Qe1+ 36. Bf1 Rh5 37. Qd4+ Qe5 38. Qxe5+ Rxe5 39. Rd6 Re6 40. Rxe6 Nxe6 41. Kg2 Kf6 42. Kf3 Ke5 43. Kg4 g5 44. Bc4 Nf4 45. Ba6 Kf6 46. h4 Ne6 47. Bc8 1-0

[Event "Waterloo Maplewood"]
[Site "Waterloo"]
[Date "2022.11.15"]
[Round "2"]
[White "Bosiocic, Marin"]
[Black "Plotkin, Mark"]
[Result "1-0"]
[WhiteElo "2536"]
[BlackElo "2361"]
[PlyCount "107"]
[EventDate "2022.11.14"]
[EventType "tourn"]
[EventRounds "9"]
[EventCountry "CAN"]
[EventCategory "9"]
[SourceTitle "CBM 211 Extra"]
[Source "ChessBase"]
[SourceDate "2023.01.31"]
[SourceVersion "1"]
[SourceVersionDate "2023.01.31"]
[SourceQuality "1"]

1. Nf3 d5 2. g3 Nf6 3. Bg2 Bf5 4. 0-0 e6 5. d3 h6 6. c4 Nbd7 7. cxd5 exd5 8. e4 dxe4 9. dxe4 Bh7 10. e5 Ne4 11. Nc3 Ndc5 12. Nd4 Qd7 13. Nxe4 Bxe4 14. Bxe4 Nxe4 15. e6 fxe6 16. Qh5+ Ke7 17. Be3 Qd5 18. Qg6 c5 19. Ne2 Qf5 20. Nf4 Rg8 21. f3 Nf6 22. Rac1 b6 23. b4 Qxg6 24. Nxg6+ Kd7 25. Ne5+ Kd6 26. f4 cxb4 27. Rfd1+ Ke7 28. Rc6 Rb8 29. Bd2 a5 30. Be3 g5 31. Bxb6 Rxb6 32. Rxb6 Nd5 33. Rb7+ Kd6 34. Nf7+ Kc5 35. fxg5 hxg5 36. Nd8 Rg6 37. Re1 Kc4 38. Nxe6 Bc5+ 39. Nxc5 Kxc5 40. Ra7 Kb6 41. Ra8 g4 42. Re5 Rd6 43. Rg5 Nc3 44. Rgxa5 Rd1+ 45. Kf2 Rd2+ 46. Ke3 Rxh2 47. R8a6+ Kb7 48. Rg6 Nxa2 49. Rb5+ Kc7 50. Rf5 Rh8 51. Rf7+ Kb8 52. Rb6+ Kc8 53. Ra6 Re8+ 54. Kf4 1-0